000 00257nam a22001217a 4500
008 181012b xxu||||| |||| 00| 0 eng d
041 _aeng
080 _a611
100 _a6
101 _aANA
245 _aThe Hemiblocks
_cRosenbaum, M.B
942 _2udc
_cBK
999 _c49511
_d49511